[Event "65+ World Senior Team Championship"]
[Site "chess24.com"]
[Date "2017.04.26"]
[Round "3"]
[White "Danielsson, Robert"]
[Black "Bhend, Edwin"]
[Result "1/2-1/2"]
[Board "2"]
[WhiteElo "1967"]
[WhiteCountry "SWE"]
[WhiteFideId "1711490"]
[WhiteEloChange "4"]
[BlackElo "2132"]
[BlackTitle "IM"]
[BlackCountry "SUI"]
[BlackFideId "1300288"]
[BlackEloChange "-4"]

1. d4 {[%clk 1:30:51]} d5 {[%clk 1:30:52]} 2. c4 {[%clk 1:31:13]} Nc6 {[%clk
1:31:15]} 3. cxd5 {[%clk 1:30:38]} Qxd5 {[%clk 1:31:37]} 4. e3 {[%clk 1:30:53]}
e5 {[%clk 1:31:43]} 5. Nc3 {[%clk 1:30:49]} Qd8 {[%clk 1:30:55]} 6. d5 {[%clk
1:24:16]} Nb8 {[%clk 1:31:19]} 7. Nf3 {[%clk 1:23:16]} Nd7 {[%clk 1:30:50]} 8.
Bb5 {[%clk 1:13:02]} Bd6 {[%clk 1:31:00]} 9. e4 {[%clk 1:12:55]} Nf6 {[%clk
1:30:40]} 10. O-O {[%clk 1:13:11]} a6 {[%clk 1:29:56]} 11. Be2 {[%clk 1:10:37]}
Nf8 {[%clk 1:27:35]} 12. Re1 {[%clk 1:08:39]} Ng6 {[%clk 1:27:50]} 13. g3 {[%clk
1:08:38]} Bc5 {[%clk 1:26:53]} 14. Bg5 {[%clk 0:58:59]} h6 {[%clk 1:25:55]} 15.
Bxf6 {[%clk 0:55:02]} Qxf6 {[%clk 1:26:11]} 16. Qd3 {[%clk 0:55:24]} Bd7 {[%clk
1:22:19]} 17. Rab1 {[%clk 0:52:41]} O-O {[%clk 1:21:17]} 18. b4 {[%clk 0:50:01]}
Bb6 {[%clk 1:09:54]} 19. a4 {[%clk 0:44:36]} Qd6 {[%clk 0:48:46]} 20. a5 {[%clk
0:34:51]} Ba7 {[%clk 0:49:10]} 21. Bf1 {[%clk 0:35:14]} Ne7 {[%clk 0:41:19]} 22.
Red1 {[%clk 0:21:25]} Nc8 {[%clk 0:36:59]} 23. Kg2 {[%clk 0:18:18]} Qe7 {[%clk
0:35:41]} 24. d6 {[%clk 0:15:52]} cxd6 {[%clk 0:32:53]} 25. Nd5 {[%clk 0:15:53]}
Qd8 {[%clk 0:33:09]} 26. Rbc1 {[%clk 0:15:38]} Bc6 {[%clk 0:32:31]} 27. Nc3
{[%clk 0:11:13]} Qe7 {[%clk 0:29:04]} 28. Nd5 {[%clk 0:10:10]} Qd7 {[%clk
0:26:46]} 29. Nxe5 {[%clk 0:08:37]} dxe5 {[%clk 0:26:42]} 30. Rxc6 {[%clk
0:09:00]} Bd4 {[%clk 0:24:04]} 31. Rc2 {[%clk 0:08:40]} Rb8 {[%clk 0:23:11]}
1/2-1/2

[Event "65+ World Senior Team Championship"]
[Site "chess24.com"]
[Date "2017.04.26"]
[Round "3"]
[White "Staechelin, Ruedi"]
[Black "Nilsson, Christer 1950"]
[Result "1/2-1/2"]
[Board "3"]
[WhiteElo "2092"]
[WhiteCountry "SUI"]
[WhiteFideId "1304070"]
[WhiteEloChange "-4"]
[BlackElo "1962"]
[BlackCountry "SWE"]
[BlackFideId "1709631"]
[BlackEloChange "4"]

1. e4 {[%clk 1:30:52]} e6 {[%clk 1:30:47]} 2. d4 {[%clk 1:31:14]} d5 {[%clk
1:31:08]} 3. Nd2 {[%clk 1:31:37]} Nf6 {[%clk 1:30:59]} 4. e5 {[%clk 1:31:53]}
Nfd7 {[%clk 1:31:21]} 5. c3 {[%clk 1:32:12]} c5 {[%clk 1:31:26]} 6. Bd3 {[%clk
1:31:51]} Nc6 {[%clk 1:31:32]} 7. Ngf3 {[%clk 1:31:16]} cxd4 {[%clk 1:28:41]} 8.
cxd4 {[%clk 1:31:33]} Be7 {[%clk 1:25:48]} 9. a3 {[%clk 1:24:59]} O-O {[%clk
1:16:59]} 10. h4 {[%clk 1:15:45]} f5 {[%clk 1:08:40]} 11. b4 {[%clk 1:08:41]} a6
{[%clk 0:59:40]} 12. Nb3 {[%clk 1:08:03]} Rf7 {[%clk 0:49:35]} 13. Ng5 {[%clk
1:06:56]} Bxg5 {[%clk 0:49:01]} 14. hxg5 {[%clk 1:02:51]} g6 {[%clk 0:47:47]} 15.
f4 {[%clk 0:59:55]} Nf8 {[%clk 0:47:26]} 16. Be3 {[%clk 0:58:08]} b6 {[%clk
0:46:14]} 17. Qe2 {[%clk 0:49:48]} Raa7 {[%clk 0:41:27]} 18. Kf2 {[%clk 0:49:17]}
Rfc7 {[%clk 0:40:21]} 19. g3 {[%clk 0:44:32]} Nb8 {[%clk 0:39:03]} 20. Bd2 {[%clk
0:44:14]} Bd7 {[%clk 0:35:06]} 21. a4 {[%clk 0:41:23]} Qe8 {[%clk 0:34:46]} 22.
a5 {[%clk 0:41:11]} b5 {[%clk 0:32:12]} 23. Nc5 {[%clk 0:38:10]} Qd8 {[%clk
0:28:22]} 24. Rab1 {[%clk 0:34:44]} Qc8 {[%clk 0:27:06]} 25. Rhc1 {[%clk
0:34:36]} Qd8 {[%clk 0:27:12]} 26. Rc2 {[%clk 0:30:40]} Rc8 {[%clk 0:23:06]} 27.
Rbc1 {[%clk 0:30:29]} Rac7 {[%clk 0:23:06]} 28. Ke3 {[%clk 0:29:30]} Kg7 {[%clk
0:21:55]} 29. Qh2 {[%clk 0:28:46]} Kg8 {[%clk 0:22:01]} 30. Rh1 {[%clk 0:24:22]}
Qe7 {[%clk 0:21:48]} 31. Rcc1 {[%clk 0:19:41]} Be8 {[%clk 0:19:28]} 32. Qf2
{[%clk 0:18:26]} Nfd7 {[%clk 0:17:27]} 33. Ke2 {[%clk 0:17:07]} Nxc5 {[%clk
0:17:13]} 34. Rxc5 {[%clk 0:13:34]} Rxc5 {[%clk 0:17:17]} 35. bxc5 {[%clk
0:10:08]} Bc6 {[%clk 0:16:54]} 36. Bb4 {[%clk 0:10:11]} Rc7 {[%clk 0:16:43]} 37.
Rh6 {[%clk 0:09:05]} Rb7 {[%clk 0:16:36]} 38. Qe1 {[%clk 0:09:13]} Qc7 {[%clk
0:16:05]} 39. Qh1 {[%clk 0:07:33]} Qf7 {[%clk 0:15:56]} 40. Ke3 {[%clk 0:36:54]}
Qd7 {[%clk 0:45:36]} 41. g4 {[%clk 0:36:16]} Qf7 {[%clk 0:45:07]} 42. gxf5 {[%clk
0:36:01]} exf5 {[%clk 0:45:22]} 43. Kd2 {[%clk 0:35:35]} Bd7 {[%clk 0:45:15]} 44.
Kc3 {[%clk 0:34:19]} Be6 {[%clk 0:45:10]} 45. Be2 {[%clk 0:33:21]} Nc6 {[%clk
0:40:16]} 46. Bf3 {[%clk 0:33:28]} Qd7 {[%clk 0:39:42]} 47. Rh2 {[%clk 0:31:26]}
Rb8 {[%clk 0:37:08]} 48. Qg2 {[%clk 0:30:05]} Rd8 {[%clk 0:37:04]} 49. Qh1 {[%clk
0:30:11]} 1/2-1/2

[Event "65+ World Senior Team Championship"]
[Site "chess24.com"]
[Date "2017.04.26"]
[Round "3"]
[White "Gromark, Per-Olof"]
[Black "Illi, Hans-Joerg"]
[Result "0-1"]
[Board "4"]
[WhiteElo "1959"]
[WhiteCountry "SWE"]
[WhiteFideId "1722433"]
[WhiteEloChange "-7"]
[BlackElo "2059"]
[BlackCountry "SUI"]
[BlackFideId "1300431"]
[BlackEloChange "7"]

1. c4 {[%clk 1:30:56]} e5 {[%clk 1:30:04]} 2. Nc3 {[%clk 1:31:19]} Bb4 {[%clk
1:30:25]} 3. Qc2 {[%clk 1:31:30]} Nc6 {[%clk 1:29:50]} 4. Nf3 {[%clk 1:31:44]}
Nf6 {[%clk 1:26:11]} 5. e3 {[%clk 1:31:45]} O-O {[%clk 1:25:44]} 6. Be2 {[%clk
1:31:38]} Re8 {[%clk 1:21:04]} 7. O-O {[%clk 1:31:37]} a5 {[%clk 1:12:33]} 8. a3
{[%clk 1:26:03]} Bf8 {[%clk 1:09:25]} 9. d4 {[%clk 1:21:30]} d6 {[%clk 1:03:22]}
10. d5 {[%clk 1:17:49]} Nb8 {[%clk 1:03:22]} 11. e4 {[%clk 1:17:49]} c5 {[%clk
0:42:25]} 12. dxc6 {[%clk 1:08:50]} bxc6 {[%clk 0:42:02]} 13. Rd1 {[%clk
1:06:30]} c5 {[%clk 0:41:49]} 14. Be3 {[%clk 1:05:15]} Qc7 {[%clk 0:34:39]} 15.
Bg5 {[%clk 0:51:27]} Nc6 {[%clk 0:28:04]} 16. Nd5 {[%clk 0:47:17]} Qd8 {[%clk
0:26:50]} 17. b4 {[%clk 0:39:23]} axb4 {[%clk 0:14:42]} 18. axb4 {[%clk 0:39:45]}
Nxb4 {[%clk 0:14:05]} 19. Nxb4 {[%clk 0:39:39]} Rxa1 {[%clk 0:14:26]} 20. Rxa1
{[%clk 0:40:00]} cxb4 {[%clk 0:14:49]} 21. Qa4 {[%clk 0:35:00]} Bb7 {[%clk
0:12:05]} 22. Nd2 {[%clk 0:28:39]} Qa8 {[%clk 0:10:55]} 23. Qd1 {[%clk 0:28:53]}
Qc8 {[%clk 0:11:11]} 24. Bxf6 {[%clk 0:28:08]} gxf6 {[%clk 0:11:15]} 25. Bg4
{[%clk 0:25:27]} Qc5 {[%clk 0:11:41]} 26. Bf5 {[%clk 0:21:15]} Bg7 {[%clk
0:10:32]} 27. Qe2 {[%clk 0:20:45]} Ra8 {[%clk 0:10:27]} 28. Rb1 {[%clk 0:19:53]}
Bc8 {[%clk 0:08:54]} 29. g4 {[%clk 0:18:22]} Bh6 {[%clk 0:09:06]} 30. Nb3 {[%clk
0:16:27]} Qb6 {[%clk 0:09:24]} 31. Rd1 {[%clk 0:15:41]} Bb7 {[%clk 0:09:11]} 32.
Qd3 {[%clk 0:15:02]} Bf8 {[%clk 0:09:07]} 33. Rd2 {[%clk 0:13:03]} Ra3 {[%clk
0:09:21]} 34. Qc2 {[%clk 0:09:37]} Bc6 {[%clk 0:09:26]} 35. c5 {[%clk 0:07:17]}
dxc5 {[%clk 0:09:51]} 36. Qc4 {[%clk 0:07:05]} Qb5 {[%clk 0:09:58]} 37. Bxh7+
{[%clk 0:03:58]} Kg7 {[%clk 0:10:27]} 38. Qc2 {[%clk 0:03:05]} c4 {[%clk
0:10:03]} 39. g5 {[%clk 0:02:30]} Kxh7 {[%clk 0:08:38]} 40. Qd1 {[%clk 0:32:07]}
Rxb3 {[%clk 0:32:59]} 41. Rd7 {[%clk 0:11:30]} Bxd7 {[%clk 0:26:26]} 42. Qh5+
{[%clk 0:10:32]} Kg8 {[%clk 0:25:01]} 43. gxf6 {[%clk 0:10:17]} Rh3 {[%clk
0:25:11]} 0-1

[Event "65+ World Senior Team Championship"]
[Site "chess24.com"]
[Date "2017.04.27"]
[Round "4"]
[White "Sharif, Mehrshad"]
[Black "Salov, Sergej"]
[Result "1-0"]
[Board "2"]
[WhiteElo "2385"]
[WhiteTitle "IM"]
[WhiteCountry "FRA"]
[WhiteFideId "600121"]
[WhiteEloChange "5"]
[BlackElo "2190"]
[BlackTitle "IM"]
[BlackCountry "GER"]
[BlackFideId "4107926"]
[BlackEloChange "-5"]

1. Nf3 {[%clk 1:30:56]} c5 {[%clk 1:30:30]} 2. c4 {[%clk 1:26:26]} g6 {[%clk
1:21:39]} 3. d4 {[%clk 1:26:35]} cxd4 {[%clk 1:19:22]} 4. Nxd4 {[%clk 1:26:57]}
Bg7 {[%clk 1:19:41]} 5. e4 {[%clk 1:27:12]} Nc6 {[%clk 1:16:48]} 6. Be3 {[%clk
1:27:08]} Nf6 {[%clk 1:14:45]} 7. Nc3 {[%clk 1:27:08]} Ng4 {[%clk 1:11:33]} 8.
Qxg4 {[%clk 1:26:50]} Nxd4 {[%clk 1:11:51]} 9. Qd1 {[%clk 1:26:56]} Ne6 {[%clk
1:11:27]} 10. Rc1 {[%clk 1:26:01]} O-O {[%clk 1:08:33]} 11. Qd2 {[%clk 1:24:13]}
d6 {[%clk 0:59:32]} 12. b4 {[%clk 1:17:13]} b6 {[%clk 0:49:21]} 13. Be2 {[%clk
1:13:12]} Bb7 {[%clk 0:45:18]} 14. Nd5 {[%clk 1:13:08]} f5 {[%clk 0:33:42]} 15.
exf5 {[%clk 1:10:51]} gxf5 {[%clk 0:34:01]} 16. O-O {[%clk 1:09:21]} Nc7 {[%clk
0:21:34]} 17. Bf3 {[%clk 1:02:47]} Kh8 {[%clk 0:12:12]} 18. Bg5 {[%clk 0:58:21]}
Nxd5 {[%clk 0:11:34]} 19. Bxd5 {[%clk 0:58:32]} Qd7 {[%clk 0:10:44]} 20. Rfe1
{[%clk 0:57:59]} e5 {[%clk 0:06:38]} 21. Bxb7 {[%clk 0:57:06]} Qxb7 {[%clk
0:06:45]} 22. Qxd6 {[%clk 0:56:56]} Qf7 {[%clk 0:06:42]} 23. c5 {[%clk 0:56:24]}
bxc5 {[%clk 0:06:46]} 24. bxc5 {[%clk 0:56:37]} Rae8 {[%clk 0:05:24]} 25. c6
{[%clk 0:52:46]} f4 {[%clk 0:03:31]} 26. c7 {[%clk 0:45:40]} f3 {[%clk 0:01:56]}
27. Bd8 {[%clk 0:45:23]} fxg2 {[%clk 0:01:14]} 28. Rc2 {[%clk 0:40:06]} e4 {[%clk
0:01:17]} 29. c8Q {[%clk 0:39:52]} e3 {[%clk 0:01:13]} 30. f4 {[%clk 0:39:46]}
1-0

[Event "65+ World Senior Team Championship"]
[Site "chess24.com"]
[Date "2017.04.27"]
[Round "4"]
[White "Baum, Bernd, Dr."]
[Black "Giffard, Nicolas"]
[Result "1/2-1/2"]
[Board "3"]
[WhiteElo "2226"]
[WhiteTitle "FM"]
[WhiteCountry "GER"]
[WhiteFideId "4611853"]
[WhiteEloChange "1"]
[BlackElo "2257"]
[BlackTitle "IM"]
[BlackCountry "FRA"]
[BlackFideId "600571"]
[BlackEloChange "-1"]

1. c4 {[%clk 1:30:54]} e6 {[%clk 1:30:04]} 2. g3 {[%clk 1:31:04]} d5 {[%clk
1:30:21]} 3. Bg2 {[%clk 1:29:55]} dxc4 {[%clk 1:27:28]} 4. Qa4+ {[%clk 1:28:56]}
Bd7 {[%clk 1:26:21]} 5. Qxc4 {[%clk 1:29:21]} Bc6 {[%clk 1:26:39]} 6. Nf3 {[%clk
1:29:16]} Nf6 {[%clk 1:26:44]} 7. O-O {[%clk 1:29:29]} Nbd7 {[%clk 1:26:17]} 8.
Nc3 {[%clk 1:28:57]} Bxf3 {[%clk 1:26:32]} 9. Bxf3 {[%clk 1:28:29]} c6 {[%clk
1:26:51]} 10. Qb3 {[%clk 1:26:59]} Qb6 {[%clk 1:25:56]} 11. Qc2 {[%clk 1:22:47]}
h5 {[%clk 1:19:44]} 12. d3 {[%clk 1:13:50]} h4 {[%clk 1:19:25]} 13. Be3 {[%clk
1:09:07]} Qa5 {[%clk 1:19:30]} 14. d4 {[%clk 1:04:19]} Bd6 {[%clk 1:15:53]} 15.
Rfc1 {[%clk 0:43:00]} a6 {[%clk 1:12:33]} 16. Qd2 {[%clk 0:37:31]} hxg3 {[%clk
1:10:20]} 17. hxg3 {[%clk 0:36:35]} Qf5 {[%clk 1:10:11]} 18. Bf4 {[%clk 0:31:21]}
Bxf4 {[%clk 1:09:33]} 19. Qxf4 {[%clk 0:31:41]} Qxf4 {[%clk 1:09:05]} 20. gxf4
{[%clk 0:32:10]} g6 {[%clk 1:00:52]} 21. e3 {[%clk 0:32:19]} 1/2-1/2

[Event "65+ World Senior Team Championship"]
[Site "chess24.com"]
[Date "2017.04.27"]
[Round "4"]
[White "Letzelter, Jean-Claude"]
[Black "Haubt, Georg"]
[Result "1-0"]
[Board "4"]
[WhiteElo "2134"]
[WhiteTitle "FM"]
[WhiteCountry "FRA"]
[WhiteFideId "600652"]
[WhiteEloChange "11"]
[BlackElo "2179"]
[BlackTitle "FM"]
[BlackCountry "GER"]
[BlackFideId "4604016"]
[BlackEloChange "-11"]

1. b4 {[%clk 1:30:57]} e5 {[%clk 1:30:32]} 2. Bb2 {[%clk 1:31:23]} Bxb4 {[%clk
1:30:45]} 3. Bxe5 {[%clk 1:31:41]} Nf6 {[%clk 1:30:59]} 4. a3 {[%clk 1:31:57]}
Be7 {[%clk 1:29:55]} 5. Nf3 {[%clk 1:31:18]} Nc6 {[%clk 1:30:09]} 6. Bb2 {[%clk
1:31:33]} d5 {[%clk 1:29:46]} 7. e3 {[%clk 1:31:45]} O-O {[%clk 1:29:46]} 8. Be2
{[%clk 1:31:04]} Re8 {[%clk 1:29:02]} 9. O-O {[%clk 1:30:05]} h6 {[%clk 1:22:53]}
10. c4 {[%clk 1:28:22]} Be6 {[%clk 1:21:34]} 11. Qa4 {[%clk 1:23:24]} Qd7 {[%clk
1:20:07]} 12. cxd5 {[%clk 1:19:36]} Nxd5 {[%clk 1:19:48]} 13. Nc3 {[%clk
1:14:14]} Nb6 {[%clk 1:16:47]} 14. Qd1 {[%clk 1:08:55]} Nc4 {[%clk 1:15:15]} 15.
Qb1 {[%clk 1:04:31]} Bf6 {[%clk 1:07:23]} 16. d4 {[%clk 1:01:29]} N6a5 {[%clk
1:06:36]} 17. Rd1 {[%clk 0:42:30]} c6 {[%clk 0:51:40]} 18. Ne4 {[%clk 0:34:21]}
Be7 {[%clk 0:45:49]} 19. Bc3 {[%clk 0:29:06]} b6 {[%clk 0:43:49]} 20. Ne5 {[%clk
0:25:26]} Qc7 {[%clk 0:38:11]} 21. Bxa5 {[%clk 0:13:06]} Nxa5 {[%clk 0:38:03]}
22. Rc1 {[%clk 0:10:55]} Qb7 {[%clk 0:29:24]} 23. Nd2 {[%clk 0:09:34]} Red8
{[%clk 0:28:15]} 24. Bf3 {[%clk 0:08:26]} Rac8 {[%clk 0:27:18]} 25. Rc3 {[%clk
0:06:26]} Bd5 {[%clk 0:22:16]} 26. Qf5 {[%clk 0:05:49]} Bf6 {[%clk 0:21:43]} 27.
Ne4 {[%clk 0:03:06]} Be7 {[%clk 0:18:32]} 28. Rb1 {[%clk 0:02:44]} Be6 {[%clk
0:16:47]} 29. Qh5 {[%clk 0:03:03]} f6 {[%clk 0:15:32]} 30. Ng6 {[%clk 0:01:34]}
Rd5 {[%clk 0:13:53]} 31. Qh4 {[%clk 0:01:24]} Bd8 {[%clk 0:13:22]} 32. Ng3 {[%clk
0:01:01]} Rd7 {[%clk 0:10:11]} 33. Qe4 {[%clk 0:01:23]} Bf7 {[%clk 0:09:24]} 34.
Qf5 {[%clk 0:01:44]} Nc4 {[%clk 0:08:26]} 35. Bg4 {[%clk 0:01:43]} Rdc7 {[%clk
0:07:44]} 36. Nf4 {[%clk 0:02:10]} Nd6 {[%clk 0:06:34]} 37. Qc2 {[%clk 0:02:39]}
Rb8 {[%clk 0:06:11]} 38. Ne6 {[%clk 0:03:08]} Nb5 {[%clk 0:04:52]} 39. Rxb5
{[%clk 0:02:53]} Qc8 {[%clk 0:02:03]} 40. Nxd8 {[%clk 0:32:16]} Qxg4 {[%clk
0:31:24]} 41. Nxf7 {[%clk 0:30:57]} Kxf7 {[%clk 0:24:23]} 42. Rf5 {[%clk
0:29:49]} Re8 {[%clk 0:22:15]} 43. h3 {[%clk 0:29:34]} Qg6 {[%clk 0:20:59]} 44.
Rxc6 {[%clk 0:29:16]} Rce7 {[%clk 0:19:46]} 45. Nh5 {[%clk 0:26:28]} Re4 {[%clk
0:17:27]} 46. Qc4+ {[%clk 0:26:55]} 1-0

[Event "65+ World Senior Team Championship"]
[Site "chess24.com"]
[Date "2017.04.27"]
[Round "4"]
[White "Bhend, Edwin"]
[Black "Vasiukov, Evgeni"]
[Result "1/2-1/2"]
[Board "2"]
[WhiteElo "2132"]
[WhiteTitle "IM"]
[WhiteCountry "SUI"]
[WhiteFideId "1300288"]
[WhiteEloChange "6"]
[BlackElo "2396"]
[BlackTitle "GM"]
[BlackCountry "RUS"]
[BlackFideId "4100522"]
[BlackEloChange "-6"]

1. d4 {[%clk 1:30:53]} f5 {[%clk 1:30:22]} 2. Nc3 {[%clk 1:30:56]} g6 {[%clk
1:30:05]} 3. e4 {[%clk 1:30:52]} fxe4 {[%clk 1:30:24]} 4. Nxe4 {[%clk 1:31:15]}
d5 {[%clk 1:29:44]} 5. Ng5 {[%clk 1:29:58]} Nc6 {[%clk 1:28:39]} 6. Bb5 {[%clk
1:16:18]} Qd6 {[%clk 1:20:46]} 7. Ne2 {[%clk 1:13:08]} a6 {[%clk 1:15:09]} 8.
Bxc6+ {[%clk 1:12:15]} Qxc6 {[%clk 1:15:21]} 9. O-O {[%clk 1:11:10]} Bg7 {[%clk
1:01:48]} 10. Re1 {[%clk 1:11:22]} h6 {[%clk 0:57:00]} 11. Nf3 {[%clk 1:11:40]}
Bf5 {[%clk 0:48:42]} 12. c3 {[%clk 1:08:50]} O-O-O {[%clk 0:45:20]} 13. Ne5
{[%clk 1:03:14]} Bxe5 {[%clk 0:40:18]} 1/2-1/2

[Event "65+ World Senior Team Championship"]
[Site "chess24.com"]
[Date "2017.04.27"]
[Round "4"]
[White "Illi, Hans-Joerg"]
[Black "Zhelnin, Vladimir V"]
[Result "0-1"]
[Board "4"]
[WhiteElo "2059"]
[WhiteCountry "SUI"]
[WhiteFideId "1300431"]
[WhiteEloChange "-2"]
[BlackElo "2455"]
[BlackTitle "IM"]
[BlackCountry "RUS"]
[BlackFideId "4105567"]
[BlackEloChange "1"]

1. d4 {[%clk 1:30:55]} Nf6 {[%clk 1:30:22]} 2. Nf3 {[%clk 1:31:15]} g6 {[%clk
1:29:03]} 3. Bg5 {[%clk 1:31:05]} Bg7 {[%clk 1:29:22]} 4. Nbd2 {[%clk 1:31:09]}
O-O {[%clk 1:29:01]} 5. c3 {[%clk 1:30:40]} d6 {[%clk 1:27:38]} 6. e4 {[%clk
1:30:27]} Qe8 {[%clk 1:22:52]} 7. Bc4 {[%clk 1:30:37]} e5 {[%clk 1:23:12]} 8. O-O
{[%clk 1:30:00]} h6 {[%clk 1:20:55]} 9. Bh4 {[%clk 1:25:24]} Nbd7 {[%clk
1:13:48]} 10. Re1 {[%clk 1:24:00]} Nh5 {[%clk 1:01:35]} 11. Bg3 {[%clk 1:09:19]}
Nxg3 {[%clk 1:01:08]} 12. hxg3 {[%clk 1:06:34]} Qe7 {[%clk 0:59:02]} 13. dxe5
{[%clk 1:02:13]} dxe5 {[%clk 0:57:52]} 14. Nf1 {[%clk 1:00:50]} Nb6 {[%clk
0:50:01]} 15. Bb3 {[%clk 1:00:49]} a5 {[%clk 0:50:04]} 16. a4 {[%clk 0:57:03]}
Rd8 {[%clk 0:50:02]} 17. Qc2 {[%clk 0:57:10]} Bd7 {[%clk 0:50:11]} 18. Ne3 {[%clk
0:57:02]} c6 {[%clk 0:50:25]} 19. Bc4 {[%clk 0:54:42]} Nxc4 {[%clk 0:49:05]} 20.
Nxc4 {[%clk 0:55:07]} Qc5 {[%clk 0:48:46]} 21. Ne3 {[%clk 0:52:56]} Be6 {[%clk
0:49:03]} 22. Red1 {[%clk 0:52:15]} Bf6 {[%clk 0:41:14]} 23. Rxd8+ {[%clk
0:51:21]} Rxd8 {[%clk 0:40:48]} 24. Rd1 {[%clk 0:51:35]} Rxd1+ {[%clk 0:37:18]}
25. Qxd1 {[%clk 0:51:17]} Qb6 {[%clk 0:33:20]} 26. Qa1 {[%clk 0:47:41]} Kg7
{[%clk 0:31:41]} 27. Qa3 {[%clk 0:37:26]} Qc7 {[%clk 0:23:59]} 28. c4 {[%clk
0:36:09]} Qb6 {[%clk 0:20:07]} 29. Qc3 {[%clk 0:36:10]} Qc5 {[%clk 0:19:36]} 30.
b3 {[%clk 0:34:44]} h5 {[%clk 0:15:12]} 31. Nc2 {[%clk 0:30:44]} Qd6 {[%clk
0:08:56]} 32. Qd2 {[%clk 0:23:33]} Qxd2 {[%clk 0:09:12]} 33. Nxd2 {[%clk
0:23:59]} Be7 {[%clk 0:09:30]} 34. Kf1 {[%clk 0:23:32]} Bc5 {[%clk 0:09:14]} 35.
Ke2 {[%clk 0:23:27]} f6 {[%clk 0:09:34]} 36. f3 {[%clk 0:21:12]} Kf7 {[%clk
0:09:56]} 37. Ne1 {[%clk 0:18:56]} Ke7 {[%clk 0:06:46]} 38. Nd3 {[%clk 0:17:54]}
Bd4 {[%clk 0:07:02]} 39. c5 {[%clk 0:16:29]} f5 {[%clk 0:04:38]} 40. Nc4 {[%clk
0:44:12]} Bxc4 {[%clk 0:34:53]} 41. bxc4 {[%clk 0:43:46]} Kf6 {[%clk 0:34:53]}
42. Kf1 {[%clk 0:42:34]} fxe4 {[%clk 0:31:02]} 43. fxe4 {[%clk 0:42:08]} Kg5
{[%clk 0:31:22]} 44. Ne1 {[%clk 0:41:34]} Bxc5 {[%clk 0:30:52]} 45. Nf3+ {[%clk
0:42:00]} Kf6 {[%clk 0:31:19]} 46. Nh2 {[%clk 0:42:12]} b5 {[%clk 0:27:16]} 47.
cxb5 {[%clk 0:41:41]} cxb5 {[%clk 0:27:37]} 48. axb5 {[%clk 0:41:58]} a4 {[%clk
0:27:55]} 49. Nf3 {[%clk 0:42:26]} a3 {[%clk 0:28:11]} 50. Nd2 {[%clk 0:42:43]}
a2 {[%clk 0:28:25]} 51. Nb3 {[%clk 0:43:10]} Bd4 {[%clk 0:28:22]} 0-1

[Event "65+ World Senior Team Championship"]
[Site "chess24.com"]
[Date "2017.04.27"]
[Round "4"]
[White "Singer, Hans"]
[Black "Nickl, Klaus"]
[Result "1/2-1/2"]
[Board "2"]
[WhiteElo "2213"]
[WhiteTitle "FM"]
[WhiteCountry "AUT"]
[WhiteFideId "1600800"]
[WhiteEloChange "-4"]
[BlackElo "2045"]
[BlackCountry "AUT"]
[BlackFideId "1601024"]
[BlackEloChange "4"]

1. d4 {[%clk 1:30:58]} Nf6 {[%clk 1:30:46]} 2. c4 {[%clk 1:31:21]} e6 {[%clk
1:31:08]} 3. Nc3 {[%clk 1:31:43]} Bb4 {[%clk 1:31:26]} 4. Bd2 {[%clk 1:32:07]}
O-O {[%clk 1:30:27]} 5. Nf3 {[%clk 1:31:20]} d5 {[%clk 1:27:17]} 6. e3 {[%clk
1:29:18]} b6 {[%clk 1:22:19]} 7. cxd5 {[%clk 1:25:08]} exd5 {[%clk 1:21:33]} 8.
Qa4 {[%clk 1:24:16]} a5 {[%clk 1:15:31]} 9. Rc1 {[%clk 1:16:43]} c5 {[%clk
1:10:00]} 10. dxc5 {[%clk 1:10:10]} Bxc5 {[%clk 1:05:06]} 11. Be2 {[%clk
1:09:59]} Bb7 {[%clk 1:01:01]} 12. O-O {[%clk 1:09:36]} Ne4 {[%clk 0:54:31]} 13.
Rfd1 {[%clk 1:04:02]} Qe7 {[%clk 0:49:50]} 14. Be1 {[%clk 0:59:35]} Nxc3 {[%clk
0:44:41]} 15. Bxc3 {[%clk 0:56:39]} Nd7 {[%clk 0:40:58]} 16. Bd4 {[%clk 0:45:10]}
Rac8 {[%clk 0:40:03]} 17. Bb5 {[%clk 0:35:40]} Nf6 {[%clk 0:32:25]} 18. a3 {[%clk
0:30:49]} Ne4 {[%clk 0:29:59]} 19. Bd3 {[%clk 0:24:37]} Rc7 {[%clk 0:21:52]} 20.
Be5 {[%clk 0:20:48]} Rcc8 {[%clk 0:21:22]} 21. Bd4 {[%clk 0:19:35]} Rc7 {[%clk
0:21:41]} 22. Be5 {[%clk 0:19:25]} Rcc8 {[%clk 0:22:08]} 1/2-1/2